| 000 | 01823nam a2200373 c 4500 | ||
|---|---|---|---|
| 003 | BLK | ||
| 005 | 20200208121705.0 | ||
| 008 | 180412b bul|||||r ||||||| ||bul|| | ||
| 010 | _aKNG00011317000 | ||
| 020 |
_a954-8706-07-5 _bиздат.: Тилиа |
||
| 040 | _aBLK | ||
| 041 |
_aBUL _cBUL |
||
| 080 |
_aОснови на четенето. Методи на обучение в четенето _b372.41 _x(075.2) _z372.41(075.2) |
||
| 100 | 1 |
_aЗдравкова, Стойка Здравкова _eпърви автор _9245554 |
|
| 700 | 1 |
_aМанчева, Евтимия Костова _eсъавт. _9245645 |
|
| 700 | 1 |
_aКючуков, Христо Славов _eсъавт. _9364280 |
|
| 139 |
_aЗдравкова, Стойка Здравкова и др. _bЗ 50 |
||
| 245 | 1 | 0 |
_aБуквар АБВ _bВариантен буквар и читанка за I кл. на СОУ и за деца билингви _cСтойка Здравкова Здравкова; съавт. Евтимия Костова Манчева; съавт. Христо Славов Кючуков. |
| 257 | _aBGR | ||
| 260 |
_аСофия _bТилиа _c1994 _fСофия : ДФ Димитър Благоев |
||
| 300 |
_a160 с. _bс цв. ил., ноти _c29 см |
||
| 380 | _a3 | ||
| 500 | _aДеп. сп. 7. - Авт. не са отбелязани на кор. - Офс. изд. - 3 000 тир. - Доп. тир. 1995, 1996, 1997, 1998. | ||
| 650 | 4 |
_aБуквар - учебници за начални училища _9247721 |
|
| 650 | 4 |
_aЧитанка - учебници за начални училища _9244157 |
|
| 653 | _aІ кл. | ||
| 653 | _aСОУ | ||
| 653 | _aначални училища | ||
| 852 | _aЦб ІІ 8320 | ||
| 856 | 4 |
_qpdf _u |
|
| 856 | 4 |
_qpdf _u |
|
| 942 |
_cKNG _n0 _05 |
||
| 944 |
_aCR _c15.01.2003 _kAB_DOS |
||
| 944 |
_aED _c15.01.2003 _k |
||
| 999 |
_c9877 _d9877 |
||